Normal view
MARC view
- Shami,Dr Pervez A.
Entry Personal Name
001 - CONTROL NUMBER
- control field: 8598
003 - CONTROL NUMBER IDENTIFIER
- control field: NUST
005 - DATE AND TIME OF LATEST TRANSACTION
- control field: 20180118112637.0
008 - FIXED-LENGTH DATA ELEMENTS
- fixed length control field: 180118|| aca||aabn | a|a d
040 ## - CATALOGING SOURCE
- Original cataloging agency: NUST
- Transcribing agency: NUST
100 ## - HEADING--PERSONAL NAME
- Personal name: Shami,Dr Pervez A.
670 ## - SOURCE DATA FOUND
- Source citation: Work cat.: (NUST)328967: Shami,Dr Pervez A., Environmental Problems:, 2002
